[Event "Cairo Heliopolis op 1st"]
[Site "Cairo"]
[Date "2009.09.09"]
[Round "6"]
[White "Eldardery, Alaa"]
[Black "Tahan, Sabri"]
[Result "1-0"]
[WhiteElo "2215"]
[BlackElo "2329"]
[PlyCount "118"]
[EventDate "2009.09.03"]
[EventType "swiss"]
[EventRounds "7"]
[EventCountry "EGY"]
[SourceTitle "CBM 132 Extra"]
[Source "ChessBase"]
[SourceDate "2009.11.03"]
[SourceVersion "1"]
[SourceVersionDate "2009.11.03"]
[SourceQuality "1"]

1. d4 d5 2. c4 c6 3. Nf3 Nf6 4. e3 Bf5 5. Nc3 e6 6. Bd3 Bxd3 7. Qxd3 Nbd7 8. 0-0 Bb4 9. Bd2 Bxc3 10. bxc3 0-0 11. cxd5 exd5 12. c4 dxc4 13. Qxc4 Nb6 14. Qc2 Qd5 15. Rab1 Rfc8 16. Rfc1 Ne4 17. Be1 Rc7 18. a4 Re8 19. Ne5 f6 20. Nd3 Rf7 21. a5 Nc8 22. a6 Ree7 23. Nf4 Qf5 24. axb7 Rxb7 25. Rxb7 Rxb7 26. Qxc6 Ned6 27. Rc5 Qd7 28. Qd5+ Qf7 29. Ne6 Re7 30. Nf4 Rb7 31. e4 Qxd5 32. Nxd5 Nb6 33. e5 fxe5 34. dxe5 Ndc4 35. e6 Nd6 36. g3 Nxd5 37. Rxd5 Rb6 38. Ba5 Rc6 39. Bb4 Ne8 40. Rf5 Nf6 41. e7 Kf7 42. h3 Rc8 43. g4 Ke6 44. Ra5 Ra8 45. g5 Ne8 46. f4 g6 47. Re5+ Kf7 48. Kg2 Rb8 49. Bc5 a5 50. f5 gxf5 51. Rxf5+ Kg6 52. Rf8 Kxg5 53. Kf3 Kg6 54. Ke3 a4 55. Kd4 Rc8 56. Kd5 Kg7 57. Ke6 Ra8 58. Bd4+ Kg6 59. Be5 a3 1-0

[Event "Golden Cleopatra op 6th"]
[Site "Cairo"]
[Date "2002.04.14"]
[Round "8"]
[White "Amin, Ashraf"]
[Black "Eldardery, Alaa"]
[Result "1-0"]
[WhiteElo "2251"]
[BlackElo "2102"]
[PlyCount "41"]
[EventDate "2002.04.07"]
[EventType "swiss"]
[EventRounds "11"]
[EventCountry "EGY"]
[SourceTitle "CBM 087 Extra"]
[Source "ChessBase"]
[SourceDate "2002.05.03"]
[SourceVersion "2"]
[SourceVersionDate "2002.08.09"]
[SourceQuality "1"]

1. Nf3 Nf6 2. c4 c6 3. b3 d5 4. Bb2 dxc4 5. bxc4 Qb6 6. Qc2 Na6 7. d3 Bf5 8. Nbd2 Rd8 9. Rb1 Qc7 10. g3 e6 11. Bxf6 gxf6 12. Qb2 Nc5 13. Qxf6 Rg8 14. Qc3 Bg7 15. Qa3 b6 16. Bg2 Bf8 17. Qc3 Bg7 18. Qc2 Rxd3 19. exd3 Nxd3+ 20. Kf1 Nf4 21. Ne4 1-0

[Event "Golden Cleopatra op 6th"]
[Site "Cairo"]
[Date "2002.04.12"]
[Round "6"]
[White "Eldardery, Alaa"]
[Black "Abdel Razik, Khaled"]
[Result "0-1"]
[WhiteElo "2102"]
[BlackElo "2373"]
[PlyCount "124"]
[EventDate "2002.04.07"]
[EventType "swiss"]
[EventRounds "11"]
[EventCountry "EGY"]
[SourceTitle "CBM 087 Extra"]
[Source "ChessBase"]
[SourceDate "2002.05.03"]
[SourceVersion "2"]
[SourceVersionDate "2002.08.09"]
[SourceQuality "1"]

1. d4 Nf6 2. Nf3 g6 3. g3 Bg7 4. Bg2 0-0 5. 0-0 d6 6. c4 c5 7. Nc3 Nc6 8. dxc5 dxc5 9. Qxd8 Rxd8 10. Be3 Nd4 11. Bxd4 cxd4 12. Rfd1 Ne8 13. Nd5 e6 14. Nf4 e5 15. Nd5 Kf8 16. Ne1 Bg4 17. Kf1 Rac8 18. h3 Be6 19. Rac1 b5 20. b3 bxc4 21. Rxc4 Rxc4 22. bxc4 Nd6 23. c5 Nc4 24. Nb4 f5 25. Bb7 Na5 26. Ba6 Rd7 27. Bc8 Re7 28. Bxe6 Rxe6 29. Rc1 Ke8 30. c6 Kd8 31. Rc5 Bf8 32. Rxa5 Bxb4 33. Rxa7 Rxc6 34. Nd3 Bd6 35. Rxh7 e4 36. Nb2 Ba3 37. Rb7 Rc1+ 38. Kg2 Rb1 39. Rb3 Bxb2 40. a4 Ke7 41. a5 d3 42. exd3 exd3 43. Rxd3 Ra1 44. Rb3 Ra2 45. Re3+ Kd6 46. Re2 Kc5 47. f4 Kb4 48. a6 Kb3 49. Re6 Bd4+ 50. Kh1 Kc4 51. Rxg6 Kd5 52. g4 Ke4 53. gxf5 Kxf5 54. Rg8 Be3 55. a7 Bxa7 56. Rg3 Kxf4 57. Rg8 Be3 58. Rg2 Bf2 59. h4 Kf3 60. h5 Ra1+ 61. Kh2 Ra5 62. Kh1 Be3 0-1